Obytný apartmánový dom s polyfunkciou, Bratislava - Petržalka

Saved in:
Bibliographic Details
Main Author: Tomko, Lukáš (Author)
Other Authors: Szalayová, Sylvia (Thesis advisor)
Format: Manuscript Book
Language:Slovak
Published: 2019
Subjects:
Online Access:http://is.stuba.sk/zp/portal_zp.pl?podrobnosti=145242
https://opac.crzp.sk/?fn=detailBiblioForm&sid=9F8942B94996237AA9FC1BF666DC
Tags: Add Tag
No Tags, Be the first to tag this record!

MARC

LEADER 00000ntm a22000003a 4500
001 stuzp73921
003 SK-STU
005 20230609140655.2
007 ta
008 150427s2015----xo-----f-mn---000-0-slo-d
040 |a STU  |b slo 
041 0 |a slo 
100 1 |a Tomko, Lukáš  |u 010270  |k Z4  |4 aut  |U SvF Stavebná fakulta  |T SvF Katedra technológie stavieb  |X 75836  |U V270  |Y 28  |7 75836 
242 0 1 |a Technological project  |y eng 
245 1 0 |a Obytný apartmánový dom s polyfunkciou, Bratislava - Petržalka 
260 |c 2019 
650 4 |a obytný apartmánový dom s polyfunkciou  |2 slo 
650 4 |a zariadenie staveniska  |2 slo 
650 4 |a debnenie  |2 slo 
650 4 |a residential apartment house with polyfunction  |2 eng 
650 4 |a building site situation  |2 eng 
650 4 |a formwork  |2 eng 
700 1 |a Szalayová, Sylvia  |u 010270  |k Z1  |4 ths  |U SvF Stavebná fakulta  |T SvF Katedra technológie stavieb  |X 961  |U V270  |Y 28  |7 A000000961 
856 4 |u http://is.stuba.sk/zp/portal_zp.pl?podrobnosti=145242 
856 4 |u https://opac.crzp.sk/?fn=detailBiblioForm&sid=9F8942B94996237AA9FC1BF666DC